logo

Bir Sreshtho Munshi Abdur Rouf Library
Jhenaidah Cadet College

Exercise : (Record no. 9350)

MARC details
000 -LEADER
fixed length control field 01087cam a2200325 a 4500
001 - CONTROL NUMBER
JCCL Control Number 9350
003 - CONTROL NUMBER IDENTIFIER
JCCL marc code BD-JhCC
005 - DATE AND TIME OF LATEST TRANSACTION
control field 20180320083710.0
008 - FIXED-LENGTH DATA ELEMENTS--GENERAL INFORMATION
fixed length control field 870724s1988 nyua j 001 0 eng
020 ## - INTERNATIONAL STANDARD BOOK NUMBER
International Standard Book Number 0816016712
Terms of availability $16.95
035 ## - SYSTEM CONTROL NUMBER
system control number (BD-JhCC)9350
040 ## - CATALOGING SOURCE
Original cataloging agency DLC
Transcribing agency DLC
Modifying agency OCoLC
-- DLC
-- BD-JhCC
041 ## - LANGUAGE CODE
Language code of Book eng
050 00 - LIBRARY OF CONGRESS CALL NUMBER
Classification number GV481
Item number .S649 1988
082 00 - DEWEY DECIMAL CLASSIFICATION NUMBER
Classification number 613.7/1
DDC Edition number 19
Author mark and Year SPE 1988
100 1# - MAIN ENTRY--PERSONAL NAME
Personal name Spence, Annette.
245 10 - TITLE STATEMENT
Title Exercise :
Remainder of title Encyclopedia of good health /
Statement of responsibility, etc text by Annette Spence.
260 ## - PUBLICATION, DISTRIBUTION, ETC. (IMPRINT)
Place of publication, distribution, etc New York :
Name of publisher, distributor, etc Facts on File,
Date of publication, distribution, etc 1988.
300 ## - PHYSICAL DESCRIPTION
Pagination 110 p. :
Other physical details ill. (some col.) ;
Dimensions 29 cm.
440 #4 -
Title The Encyclopedia of good health
500 ## - GENERAL NOTE
General note "A Friedman Group book"--T.p. verso.
500 ## - GENERAL NOTE
General note Includes index.
520 ## - SUMMARY, ETC.
Summary, etc Provides information on all aspects of exercise, including methods to measure and improve physical fitness.
650 #0 - SUBJECT ADDED ENTRY--TOPICAL TERM
Topical term or geographic name as entry element Exercise
General subdivision Miscellanea
-- Juvenile literature.
650 #0 - SUBJECT ADDED ENTRY--TOPICAL TERM
Topical term or geographic name as entry element Physical fitness
General subdivision Miscellanea
-- Juvenile literature.
650 #1 - SUBJECT ADDED ENTRY--TOPICAL TERM
Topical term or geographic name as entry element Exercise.
650 #1 - SUBJECT ADDED ENTRY--TOPICAL TERM
Topical term or geographic name as entry element Physical fitness.
942 ## - ADDED ENTRY ELEMENTS (KOHA)
Source of classification or shelving scheme Dewey Decimal Classification
Koha item type Reference
Holdings
Source of classification or shelving scheme Damaged status Not for loan Home library Current library Shelving location Total Checkouts Full call number Barcode Date last seen Copy number Koha item type
Dewey Decimal Classification     JCC Rouf Library JCC Rouf Library General Stacks   613.7/1 SPE 1988 12527 03/13/2018 C - 1 Reference

JCC Library | Contacts | JCC Home

Last Update on 23 September 2017
Copyright @ 2017-2020 JCC Rouf Library
Rouf Library, Jhenidah Cadet College (JCC), Bangladesh